| 000 | 01962nam a22002897a 4500 | ||
|---|---|---|---|
| 003 | OSt | ||
| 005 | 20260630170208.0 | ||
| 008 | 260624t2024 xxu||||| |||| 00| 0 spa d | ||
| 040 |
_aUnicoc _bspa _c00001 _d00001 |
||
| 082 | _a371.33 | ||
| 100 |
_913134 _aRey Valzacchi, Jorge |
||
| 245 |
_aEl aprendizaje informal y el Lifelong Learning en la era de la Inteligencia Artificial _b: Innovación, algoritmos y desarrollo personal en un mundo en constante cambio _c/ Jorge Rey Valzacchi |
||
| 250 | _a1Ed. | ||
| 260 |
_aArgentina : _bInstituto Latinoamericano de Desarrollo Profesional Docente , _c2024. |
||
| 300 |
_a120 páginas _bIlustraciones, diagramas, tablas, gráficas |
||
| 440 |
_913135 _aAprende Virtual |
||
| 505 |
_t1. Introducción. -- _t2. Evolución del Aprendizaje Informal con la IA. -- _t3. Teorías pedagógicas y modelos en los que se fundamenta el Aprendizaje Informal. -- _t4. Concepto de Lifelong Learning (Aprendizaje a lo largo de la vida). -- _t5. Importancia del Aprendizaje Informal en el siglo XXI. -- _t6. Tecnologías de IA que potencian el Aprendizaje Informal. -- _t7. Aprendizaje por serendipia: La incidencia de lo accidental en el proceso educativo. -- _t8. Habilidades del siglo XXI potenciadas por la IA. -- _t9. La Relación entre el Aprendizaje Informal y la creatividad. -- _t10. Estrategias para fomentar el Aprendizaje Informal. -- _t11. Fuentes de Aprendizaje Informal. -- |
||
| 526 | _5Unicoc | ||
| 546 | _aEspañol | ||
| 650 | 0 |
_913182 _aAprendizaje Informal con la IA |
|
| 650 | 0 |
_913139 _aEducación digital |
|
| 650 | 0 |
_913179 _aAprendizaje a lo largo de la vida (Lifelong learning) |
|
| 650 | 0 |
_913136 _aTecnología educativa |
|
| 650 | 0 |
_913154 _aPlataformas digitales educativas |
|
| 856 |
_yAcceso online exclusivo para comunidad Unicoc. _uhttps://unicoceduco-my.sharepoint.com/:b:/g/personal/direccionbiblioteca_unicoc_edu_co/IQAjr3ZtBuPXTJqMlKNy5q4hARaX70SQwTL13keRKopU-AE |
||
| 942 |
_2ddc _cEBOOK |
||
| 999 |
_c10902 _d10902 |
||